| 000 | 00829cab a2200241 4500 | ||
|---|---|---|---|
| 001 | ABS57987 | ||
| 008 | 090401t1997 xxu||||| |||| 00| 0 eng d | ||
| 035 | _a(Sirsi) u82416 | ||
| 041 | _aeng | ||
| 100 | _aPeto, R. | ||
| 245 | _aMarket information management for better valuations | ||
| 260 | _c1997 | ||
| 350 | _a0 | ||
| 490 |
_aJournal of Property Valuation and Investment _v15(5) 1997, 411-422(12) |
||
| 520 | _aPart two of a paper which explores the constraints of market information or data supply on the provision of better valuations and calculations of worth. References. For part 1 see ABS56277. | ||
| 650 | _aCALCULATION OF WORTH | ||
| 650 | _aINVESTMENT PROPERTY PRICING | ||
| 650 | _aMARKET INFORMATION | ||
| 650 | _aVALUATIONS | ||
| 690 | _aRATING AND VALUATION | ||
| 942 | _n0 | ||
| 948 | _c28/11/1997 | ||
| 999 |
_c52036 _d52036 |
||